000 00663nam a2200241Ia 4500
003 OSt
005 20220926030314.0
006 a|||||r|||| 00| 0
007 ta
008 220923b |||||||| |||| 00| 0 eng d
037 _cGeneral Book
040 _aRTL
_cRTL
_beng
041 _2eng
_aeng
082 _aX:8, L7
100 _aPitfield Ronald R
_9334029
245 0 _aBusiness organisation
260 _aPlymouth
_bMaodonald and Evabs
_c1977
300 _ax,243p.
_ccm.
490 _a(Maodonald and Evans Handbook series)
650 _aManagement
_930681
942 _hX:8, L7
_cGB
_2CC
999 _c649274
_d649274